000 00627nam a2200241Ia 4500
001 12566
003 GE_BSU
008 181216s||||||||xx |||||||||||||| ||und||
020 _a9782011558169
040 _cGE_BSU
080 _a811.133.1
100 _aBerthet,Annie.Corina, Brilliant Daill, Emmanuelle. ....
245 _aAlter Ego.Methode de frangais. Guide pedagogique A1
260 _aParis
260 _bHachette
260 _c2013
300 _a256p.29cm.
541 _h70Gel.
653 _aAlter Ego. Methode de Frangais
653 _aGuide pedagogique.
653 _aგრამატიკა
942 _cBK
999 _c45739
_d45739